| 000 | 00962njm a22002657a 4500 | ||
|---|---|---|---|
| 005 | 20100914152621.0 | ||
| 007 | sd ammalaaahaa | ||
| 008 | 100913t xxu||||| |||| 00| 0 hin d | ||
| 028 |
_aECSD 3108 _bEMI |
||
| 035 | _aGR-07835 | ||
| 040 | _aSED/VEN | ||
| 100 |
_aKang, A S _91184 |
||
| 245 |
_aAkh sajnan nal larh gayi / _cby A S Kang [and] Parmjit Pammi _h[sound recording] : |
||
| 246 | _aਅਖ ਸਾਜਨ ਨਾਲ ਲਾਢ਼ ਗਈ / | ||
| 260 |
_aDum Dum India _bEMI _c1984 |
||
| 300 |
_a1 sound disc [Gramophone record] : _banalog, 33 1/3 rpm _c12.5 in. (LP) _fGramophone Record |
||
| 500 | _aBrief Record | ||
| 500 | _aRecord label :EMI,Red | ||
| 505 | _aSide 1 Gidde wich nachdi di Side 2 Kanda | ||
| 600 |
_aKang, A S _919992 |
||
| 650 |
_aPunjabi Song _xExcerpts _zIndia _919603 |
||
| 700 |
_919605 _aPammi, Parmjit |
||
| 942 |
_2ddc _cGR |
||
| 999 |
_c47473 _d47473 |
||